000 00338 a2200157 4500
001 68427
020 _a9788579017902
040 _cAnchieta - Pituba
100 _aBarbieri, Laís de Campos
240 1 0 _aQuímica 1ª série
_l
245 1 0 _aQuímica 1ª série
300 _a152
362 0 _a2023
650 4 _aQuímica
942 _cBK
999 _c68427
_d68427